[Event "Tournoi Skype 026A"]
[Site "Skype"]
[Date "????.??.??"]
[Round "1.1"]
[White "Prasath, Malola"]
[Black "Gharbi, Said"]
[Result "1-0"]
[WhiteElo "2104"]
[BlackElo "1598"]
[PlyCount "21"]

1. e4 e5 2. Nf3 Nc6 3. Bc4 Nf6 4. Ng5 d5 5. exd5 Nxd5 6. Nxf7 Kxf7 7. Qf3+ Ke6
8. Nc3 Ncb4 9. O-O Nxc2 10. Bxd5+ Ke7 11. Qf7+ 1-0

[Event "Tournoi Skype 026A"]
[Site "Skype"]
[Date "????.??.??"]
[Round "1.2"]
[White "Yeter, Orhan"]
[Black "Deville, Olivier"]
[Result "0-1"]
[WhiteElo "1595"]
[BlackElo "2081"]
[PlyCount "82"]

1. e4 c5 2. Nf3 d6 3. d4 Nf6 4. Nc3 cxd4 5. Nxd4 Nc6 6. Bc4 Qb6 7. Be3 Qxb2 8.
Ndb5 Qb4 9. Bd3 Qa5 10. Bd2 Qd8 11. Nd5 Nxd5 12. exd5 Ne5 13. Be2 g6 14. O-O
Bg7 15. Rb1 O-O 16. f4 Nd7 17. Bc3 Bxc3 18. Nxc3 Nc5 19. Nb5 Qa5 20. Bc4 a6 21.
Nd4 Bd7 22. f5 b5 23. Bb3 Nxb3 24. axb3 Rac8 25. Kh1 b4 26. fxg6 hxg6 27. Qf3
Qc5 28. Rbd1 Bb5 29. Rfe1 Rc7 30. h4 Kg7 31. Qg4 Bd7 32. Qf3 Bc8 33. Rf1 Qb6
34. g4 Rc3 35. Qe4 e5 36. dxe6 Bb7 37. Rxf7+ Rxf7 38. Qxb7 Rxb7 39. Nf5+ gxf5
40. gxf5 Qf2 41. Rg1+ Kh7 0-1

[Event "Tournoi Skype 026A"]
[Site "Skype"]
[Date "????.??.??"]
[Round "1.3"]
[White "Siret, Bernard"]
[Black "Aceituno, Stebe"]
[Result "1-0"]
[WhiteElo "2063"]
[BlackElo "1593"]
[PlyCount "59"]

1. e4 c5 2. Nf3 d6 3. d4 cxd4 4. Nxd4 Nf6 5. Nc3 a6 6. Be3 e5 7. Nde2 Be6 8. f3
Be7 9. g4 h6 10. Ng3 Nbd7 11. Qd2 Nb6 12. Qf2 Nc4 13. Bxc4 Bxc4 14. Nf5 Kf8 15.
h4 g6 16. Bxh6+ Ke8 17. Nxe7 Rxh6 18. g5 Qxe7 19. gxh6 Kd7 20. O-O-O Nh5 21.
Nd5 Bxd5 22. Rxd5 Nf4 23. Rd2 Rc8 24. Rhd1 Rc6 25. Qa7 Ke6 26. Qb8 Ng2 27.
Rxd6+ Rxd6 28. Rxd6+ Qxd6 29. Qxd6+ Kxd6 30. h7 1-0

[Event "Tournoi Skype 026A"]
[Site "Skype"]
[Date "????.??.??"]
[Round "1.4"]
[White "Castillo, Jesus"]
[Black "Benson, Paul"]
[Result "0-1"]
[WhiteElo "1587"]
[BlackElo "2052"]
[PlyCount "64"]

1. e4 c5 2. Nf3 d6 3. d4 cxd4 4. Nxd4 Nf6 5. Nc3 a6 6. Bc4 e6 7. O-O Be7 8. Bb3
O-O 9. f4 Qc7 10. Kh1 Nc6 11. a3 Na5 12. Ba2 Nc4 13. f5 e5 14. Nf3 b5 15. Nd2
Ne3 16. Qe2 Nxf1 17. Nxf1 Bb7 18. Ng3 Rfd8 19. Nh5 Rac8 20. Bg5 d5 21. Bxf6
Bxf6 22. Qg4 Qe7 23. Bxd5 Bxd5 24. Nxd5 Rxd5 25. exd5 Rxc2 26. Rd1 Rc4 27. Qg3
Kf8 28. h3 Qd6 29. Nxf6 gxf6 30. h4 Rf4 31. h5 Rxf5 32. h6 Rh5+ 0-1

[Event "Tournoi Skype 026A"]
[Site "Skype"]
[Date "????.??.??"]
[Round "1.5"]
[White "Ibarra Cantu, Raul Alberto"]
[Black "Vello, Pablo"]
[Result "1-0"]
[WhiteElo "1947"]
[BlackElo "1581"]
[PlyCount "83"]

1. e4 e6 2. d4 d5 3. Nc3 Nf6 4. Bg5 Be7 5. e5 Nfd7 6. Bxe7 Qxe7 7. f4 a6 8. Nf3
c5 9. Qd2 Nc6 10. O-O-O cxd4 11. Nxd4 Nxd4 12. Qxd4 Qc5 13. Ne2 Qxd4 14. Nxd4
Nf8 15. g3 Ng6 16. h4 Ne7 17. Bg2 Rb8 18. h5 b6 19. g4 Bb7 20. f5 exf5 21. Nxf5
Nxf5 22. gxf5 Rd8 23. c4 Rc8 24. Rd4 O-O 25. Kb1 Rfd8 26. Rhd1 Rc5 27. b4 Rcc8
28. Bxd5 Bxd5 29. Rxd5 Rxd5 30. Rxd5 Kf8 31. c5 bxc5 32. bxc5 Ke7 33. Kb2 Rb8+
34. Kc3 Rb5 35. a4 Rb8 36. f6+ gxf6 37. exf6+ Ke8 38. c6 Rd8 39. Rxd8+ Kxd8 40.
Kc4 Kc7 41. Kd5 h6 42. Kc5 1-0

[Event "Tournoi Skype 026A"]
[Site "Skype"]
[Date "????.??.??"]
[Round "1.6"]
[White "Casey, Eamonn"]
[Black "Altinok, Selim"]
[Result "1/2-1/2"]
[WhiteElo "1575"]
[BlackElo "1921"]
[PlyCount "45"]

1. d4 Nf6 2. c4 g6 3. Nc3 Bg7 4. e4 d6 5. Be2 O-O 6. Be3 e5 7. d5 a5 8. a4 Na6
9. Nf3 Bd7 10. O-O Ng4 11. Bd2 Nc5 12. Ng5 f5 13. exf5 gxf5 14. Bxg4 fxg4 15.
Nge4 Nxe4 16. Nxe4 Bf5 17. Ng3 Qh4 18. Nxf5 Rxf5 19. g3 Qh3 20. f4 exf4 21.
Rxf4 Rxf4 22. Bxf4 Re8 23. Qd2 1/2-1/2

[Event "Tournoi Skype 026A"]
[Site "Skype"]
[Date "????.??.??"]
[Round "1.7"]
[White "Lambert, Pierre"]
[Black "Mordaa, Ahmad"]
[Result "1-0"]
[WhiteElo "1902"]
[BlackElo "1561"]
[PlyCount "83"]

1. d4 Nf6 2. c4 e5 3. dxe5 Ng4 4. Nf3 Nc6 5. e3 Ngxe5 6. Nc3 Bb4 7. Bd2 O-O 8.
a3 Bxc3 9. Bxc3 d6 10. Be2 Nxf3+ 11. Bxf3 Ne5 12. Qe2 c6 13. Rd1 Qc7 14. Be4
Bg4 15. f3 Be6 16. b3 Qe7 17. O-O f5 18. Bb1 Rad8 19. Qb2 b6 20. Bxe5 dxe5 21.
Qxe5 Qf7 22. Rd6 Rxd6 23. Qxd6 Qe8 24. Rd1 g6 25. Qe5 Bf7 26. Qxe8 Rxe8 27. Kf2
Kg7 28. Rd6 c5 29. e4 fxe4 30. Bxe4 Be6 31. Bd5 Bf5 32. Rc6 Kf8 33. Rc7 Re7 34.
Rc6 Re8 35. Rf6+ Kg7 36. Rf7+ Kh6 37. Rxa7 Bc2 38. b4 cxb4 39. axb4 Bb3 40. Rb7
Rc8 41. Rxb6 Bxc4 42. Rc6 1-0

[Event "Tournoi Skype 026A"]
[Site "Skype"]
[Date "????.??.??"]
[Round "1.8"]
[White "Navghane, Rahul"]
[Black "Silva, Rodrigo De Souza"]
[Result "0-1"]
[WhiteElo "1561"]
[BlackElo "1893"]
[PlyCount "78"]

1. e4 c5 2. Nc3 Nc6 3. Nf3 e6 4. Bb5 Qc7 5. Bxc6 bxc6 6. d3 Nf6 7. e5 Nd5 8.
Bd2 f5 9. exf6 Nxf6 10. Bg5 Be7 11. Ne4 O-O 12. Nxf6+ Bxf6 13. Bh4 Bxh4 14.
Nxh4 Qe5+ 15. Qe2 Qxb2 16. O-O Qf6 17. Nf3 Rb8 18. a3 d6 19. Nd2 d5 20. c4 Bd7
21. Rab1 Rb2 22. Rxb2 Qxb2 23. Rb1 Qxa3 24. Rb7 Qa1+ 25. Nb1 a5 26. h3 Bc8 27.
Rb8 Bd7 28. Rb7 Bc8 29. Rb8 Qf6 30. Nd2 e5 31. Nb3 a4 32. Nxc5 Qd6 33. Rxc8
Rxc8 34. Nxa4 Ra8 35. c5 Qf8 36. Nb6 Ra1+ 37. Kh2 Qf4+ 38. g3 Qc1 39. Qf3 Qg1#
0-1

[Event "Tournoi Skype 026A"]
[Site "Skype"]
[Date "????.??.??"]
[Round "1.9"]
[White "Mayor Martinez, Juan Jose"]
[Black "Yardimci, Ertan"]
[Result "1-0"]
[WhiteElo "1892"]
[BlackElo "1560"]
[PlyCount "165"]

1. e4 e5 2. Nf3 Nc6 3. Bc4 Nf6 4. d3 Bc5 5. O-O O-O 6. Nc3 a6 7. a4 d6 8. h3 h6
9. Nd5 Be6 10. c3 Bxd5 11. exd5 Na5 12. Ba2 b5 13. b4 Nb7 14. bxc5 Nxc5 15. Bb3
bxa4 16. Bxa4 Nxa4 17. Qxa4 Nxd5 18. Qc6 Nb6 19. c4 a5 20. Ba3 Nd7 21. Rab1 Rb8
22. Qa4 Ra8 23. Rb7 Nb6 24. Qc6 Rc8 25. Ra7 Re8 26. Rxa5 Nd7 27. Ra7 Nb8 28.
Qd5 Nd7 29. Rb1 Nf6 30. Qc6 Re6 31. Qb7 Nd7 32. Qb5 Rb8 33. Rb7 Ra8 34. Bb4 Nb6
35. Qc6 Rc8 36. Ba5 d5 37. Qb5 dxc4 38. dxc4 e4 39. Ne5 Qf6 40. Ng4 Qd4 41.
Bxb6 cxb6 42. Ne3 Rd8 43. Rxb6 Re5 44. Qb4 Ree8 45. Rb5 Qa7 46. Rb7 Qa8 47. c5
Rc8 48. Qc4 Re6 49. Qd5 Rd8 50. Qf5 Rf8 51. R7b6 Qc8 52. Rxe6 Qxe6 53. Qxe6
fxe6 54. Rb6 Rc8 55. Rxe6 Rxc5 56. Rxe4 Rc1+ 57. Kh2 Rc7 58. Kg3 Kf7 59. Rg4
Rc3 60. Kf3 Kf6 61. Rg3 g6 62. Kg4 h5+ 63. Kh4 Kg7 64. Nf5+ Kf6 65. Rxc3 Kxf5
66. Rg3 Kf6 67. Rg5 Kf7 68. g4 hxg4 69. Kxg4 Kf6 70. f4 Kf7 71. h4 Kf6 72. h5
gxh5+ 73. Rxh5 Kg6 74. f5+ Kf6 75. Kf4 Kg7 76. Kg5 Kf7 77. Rh6 Kg8 78. Ra6 Kf8
79. Kf6 Ke8 80. Ra7 Kd8 81. Ke6 Kc8 82. Re7 Kd8 83. f6 1-0

[Event "Tournoi Skype 026A"]
[Site "Skype"]
[Date "????.??.??"]
[Round "1.11"]
[White "Lopez, Jose Luis"]
[Black "Aranzubia, Desiderio"]
[Result "1-0"]
[WhiteElo "1879"]
[BlackElo "1554"]
[PlyCount "49"]

1. e4 c5 2. Nc3 Nc6 3. f4 d6 4. Nf3 e6 5. Bc4 a6 6. a4 Nf6 7. O-O Be7 8. d3 O-O
9. Qe1 d5 10. Bb3 dxe4 11. dxe4 b6 12. e5 Nd7 13. Ne4 f6 14. Bxe6+ Kh8 15. Qg3
fxe5 16. fxe5 Ndxe5 17. Nxe5 Rxf1+ 18. Kxf1 Qd1+ 19. Qe1 Qxe1+ 20. Kxe1 Nxe5
21. Bd5 Rb8 22. Bf4 Bf6 23. Rd1 Bb7 24. Bxb7 Rxb7 25. Bxe5 1-0

[Event "Tournoi Skype 026A"]
[Site "Skype"]
[Date "????.??.??"]
[Round "1.12"]
[White "Thoune, Jim"]
[Black "Grosso, Raul"]
[Result "1/2-1/2"]
[WhiteElo "1553"]
[BlackElo "1871"]
[PlyCount "59"]

1. d4 Nf6 2. c4 c5 3. d5 b5 4. e3 g6 5. Nf3 Bg7 6. Nbd2 O-O 7. Qc2 d6 8. Be2
bxc4 9. Bxc4 Nbd7 10. e4 Nb6 11. Bb5 e6 12. dxe6 Bxe6 13. O-O a6 14. Bd3 c4 15.
Be2 Nfd7 16. Rd1 Qe7 17. Nb1 h6 18. Nd4 d5 19. Nxe6 fxe6 20. exd5 exd5 21. Bf3
Rad8 22. h3 Rxf3 23. gxf3 Ne5 24. Kg2 Nd3 25. Rxd3 cxd3 26. Qxd3 Qc5 27. Nc3
Kh7 28. Ne2 Qc4 29. Nf4 Qxd3 30. Nxd3 1/2-1/2

[Event "Tournoi Skype 026A"]
[Site "Skype"]
[Date "????.??.??"]
[Round "1.13"]
[White "Dal, Ibrahim"]
[Black "Teles, Jeferson Lisboa"]
[Result "1-0"]
[WhiteElo "1870"]
[BlackElo "1552"]
[PlyCount "49"]

1. d4 e5 2. dxe5 Nc6 3. Bf4 Qe7 4. Nf3 Qb4+ 5. Bd2 Qxb2 6. Nc3 Nb4 7. Rc1 c6 8.
e3 Nxa2 9. Nxa2 Qxa2 10. Bd3 Qe6 11. O-O d6 12. Bc3 d5 13. e4 a5 14. exd5 cxd5
15. Nd4 Qg4 16. Bb5+ Ke7 17. Nf3 Be6 18. Ra1 b6 19. Ra4 Qg6 20. Bb4+ axb4 21.
Rxa8 f5 22. Nd4 f4 23. Ra7+ Kd8 24. Nc6+ Kc8 25. Ba6# 1-0

[Event "Tournoi Skype 026A"]
[Site "Skype"]
[Date "????.??.??"]
[Round "1.14"]
[White "Trivedi, Viral"]
[Black "Rico Hernandez, Edgar"]
[Result "0-1"]
[WhiteElo "1550"]
[BlackElo "1840"]
[PlyCount "96"]

1. d4 d5 2. Bf4 Nf6 3. e3 c5 4. Bxb8 Rxb8 5. Bb5+ Bd7 6. Bxd7+ Nxd7 7. c3 e6 8.
Nf3 Bd6 9. Nbd2 Rc8 10. O-O O-O 11. Re1 a6 12. e4 Nb6 13. exd5 Nxd5 14. dxc5
Bxc5 15. Ne4 Ba7 16. Ne5 Bb8 17. Nd3 Qc7 18. g3 Rfd8 19. Qh5 Qe7 20. Rad1 h6
21. Ne5 Nf6 22. Nxf6+ Qxf6 23. Nd7 Qe7 24. Nxb8 Rxb8 25. Rxd8+ Rxd8 26. Qf3 Qd7
27. a3 Qb5 28. Rd1 Rxd1+ 29. Qxd1 Qxb2 30. Qd8+ Kh7 31. Qd3+ g6 32. Qd7 Qb1+
33. Kg2 Qe4+ 34. Kg1 Kg7 35. Qd2 Qd5 36. Qb2 Qd7 37. h4 h5 38. Kh2 f6 39. Qb4
Kf7 40. Qf4 Kg7 41. Qb4 e5 42. f4 exf4 43. Qxf4 Qe7 44. Kh3 Qe5 45. Qb4 b5 46.
Qa5 Qd6 47. a4 Qc6 48. axb5 Qh1# 0-1

[Event "Tournoi Skype 026A"]
[Site "Skype"]
[Date "????.??.??"]
[Round "1.15"]
[White "Diaz, Jose Garcia"]
[Black "Khabou, Taha"]
[Result "1-0"]
[WhiteElo "1839"]
[BlackElo "1547"]
[PlyCount "85"]

1. e4 e6 2. d4 d5 3. Nd2 dxe4 4. Nxe4 Bd7 5. Nf3 Bc6 6. Bd3 Nd7 7. O-O Ngf6 8.
Nxf6+ Nxf6 9. Bg5 Be7 10. Bxf6 Bxf6 11. c3 Bxf3 12. Qxf3 c6 13. Rad1 Qa5 14. a3
O-O 15. Rfe1 Rad8 16. h4 Rd5 17. Be4 Rd7 18. Qg4 g6 19. g3 Be7 20. b4 Qxa3 21.
Qf3 Qa6 22. Bd3 Qb6 23. h5 a6 24. Kg2 Qd8 25. Rh1 Bg5 26. hxg6 fxg6 27. Qe4 Re7
28. Bc4 Qe8 29. f4 Bf6 30. Rde1 Kh8 31. g4 g5 32. Rh6 Qf7 33. Reh1 Rd8 34.
Rxh7+ Qxh7 35. Rxh7+ Rxh7 36. Qxe6 Rf8 37. f5 Re7 38. Qd6 Kg7 39. Be6 Rh8 40.
c4 Rh6 41. d5 cxd5 42. cxd5 Rh4 43. Kg3 1-0

[Event "Tournoi Skype 026A"]
[Site "Skype"]
[Date "????.??.??"]
[Round "1.16"]
[White "Salazar Ticeran, Antonio"]
[Black "Segura Lozano, Marcos Antonio"]
[Result "1/2-1/2"]
[WhiteElo "1541"]
[BlackElo "1834"]
[PlyCount "41"]

1. e4 d5 2. exd5 Qxd5 3. Nc3 Qa5 4. Bc4 Bf5 5. d3 Nf6 6. Nf3 e6 7. O-O c6 8.
Bg5 Nbd7 9. Re1 O-O-O 10. Bf4 Nb6 11. Bb3 Nbd5 12. Nxd5 Nxd5 13. Bg3 Bd6 14.
Ne5 Bxe5 15. Bxe5 f6 16. Bc3 Qc7 17. Bxd5 exd5 18. Bb4 Rhe8 19. Qf3 Bg6 20. h4
Rxe1+ 21. Rxe1 1/2-1/2

[Event "Tournoi Skype 026A"]
[Site "Skype"]
[Date "????.??.??"]
[Round "1.17"]
[White "Karia, Vijay"]
[Black "Ram, Madhukesh"]
[Result "1/2-1/2"]
[WhiteElo "1816"]
[BlackElo "1540"]
[PlyCount "48"]

1. e4 c5 2. Nc3 d6 3. f4 e6 4. Nf3 Nd7 5. d4 cxd4 6. Nxd4 a6 7. Bc4 Ngf6 8. O-O
b5 9. Bd3 Bb7 10. a3 Qc7 11. Be3 Be7 12. Qf3 O-O 13. Qg3 Rac8 14. f5 e5 15. Nf3
d5 16. Bh6 Nh5 17. Qh3 Ndf6 18. Bg5 dxe4 19. Bxe4 Bxe4 20. Nxe4 Nxe4 21. Qxh5
Qc5+ 22. Kh1 Bxg5 23. Nxg5 Nxg5 24. Qxg5 f6 1/2-1/2

[Event "Tournoi Skype 026A"]
[Site "Skype"]
[Date "????.??.??"]
[Round "1.18"]
[White "Alvarez, Juan Evangelista"]
[Black "Murgia, Stefano"]
[Result "0-1"]
[WhiteElo "1535"]
[BlackElo "1811"]
[PlyCount "60"]

1. d4 f5 2. Bf4 Nf6 3. Qd3 d5 4. Nc3 a6 5. O-O-O e6 6. Nf3 c5 7. dxc5 Bxc5 8.
e3 Nc6 9. Ne5 O-O 10. Be2 Bd6 11. Nxc6 bxc6 12. Bf3 e5 13. Bg5 Be7 14. Bxf6
Bxf6 15. Qf1 Be6 16. Na4 Qa5 17. b3 Qb4 18. Qe1 Qa3+ 19. Kb1 Rfb8 20. Rd2 Qxa4
21. Qc1 e4 22. Be2 Qb4 23. a3 Qc3 24. Ka2 c5 25. f3 c4 26. b4 a5 27. fxe4 axb4
28. exd5 Rxa3+ 29. Qxa3 Qxa3+ 30. Kb1 Qa1# 0-1

[Event "Tournoi Skype 026A"]
[Site "Skype"]
[Date "????.??.??"]
[Round "1.19"]
[White "Hilton, Stephen"]
[Black "Grib, Johannes"]
[Result "0-1"]
[WhiteElo "1799"]
[BlackElo "1530"]
[PlyCount "52"]

1. d4 Nf6 2. c4 e6 3. Nc3 a6 4. Bg5 Be7 5. Nf3 h6 6. Bh4 O-O 7. e3 d5 8. Bd3
dxc4 9. Bxc4 b5 10. Bd3 Bb7 11. O-O b4 12. Na4 Ne4 13. Bxe7 Qxe7 14. Rc1 f5 15.
Qc2 Nc6 16. Bxe4 fxe4 17. Qxe4 Nd8 18. Qg4 Rf5 19. Nc5 Bxf3 20. Qxf5 exf5 21.
gxf3 Nf7 22. f4 a5 23. Nd3 Ra6 24. Rc5 Rg6+ 25. Kh1 Qe4+ 26. f3 Qxd3 0-1

[Event "Tournoi Skype 026A"]
[Site "Skype"]
[Date "????.??.??"]
[Round "1.20"]
[White "Davis, Michael"]
[Black "Martinez Quintero, Javier"]
[Result "0-1"]
[WhiteElo "1526"]
[BlackElo "1794"]
[PlyCount "36"]

1. e4 c5 2. c3 d5 3. e5 d4 4. Nf3 Bg4 5. Qa4+ Nc6 6. Be2 Qd7 7. cxd4 cxd4 8.
Qb5 e6 9. O-O Bb4 10. a3 a6 11. Qd3 Bxf3 12. Bxf3 Nxe5 13. Qb3 Nxf3+ 14. Qxf3
Bd6 15. d3 Ne7 16. Nd2 O-O 17. Qg4 f5 18. Qxd4 Bxh2+ 0-1

[Event "Tournoi Skype 026A"]
[Site "Skype"]
[Date "????.??.??"]
[Round "1.21"]
[White "Engstrom, Olle"]
[Black "Sauvaget, Joel"]
[Result "1-0"]
[WhiteElo "1771"]
[BlackElo "1523"]
[PlyCount "81"]

1. e4 e5 2. Nf3 d6 3. Bc4 h6 4. d4 Nc6 5. dxe5 Nxe5 6. Nxe5 dxe5 7. Bxf7+ Ke7
8. Qxd8+ Kxd8 9. Bd2 Nf6 10. Nc3 a6 11. f3 Bc5 12. O-O-O Ke7 13. Bb3 Be6 14.
Bxe6 Kxe6 15. g4 Rhd8 16. g5 hxg5 17. Bxg5 c6 18. Rhe1 Bb6 19. Be3 Bc7 20. Na4
Rxd1+ 21. Rxd1 Rd8 22. Nc5+ Ke7 23. Rxd8 Kxd8 24. Nxb7+ Kc8 25. Nc5 Bb6 26. Kd2
Bxc5 27. Bxc5 Kd7 28. Kc3 Ke6 29. b4 Nd7 30. Be3 Kd6 31. a4 c5 32. Kb3 cxb4 33.
Kxb4 Kc6 34. Ka5 Kb7 35. c4 Nb8 36. Kb4 Nc6+ 37. Kc5 Kc7 38. Kd5 Na5 39. Bd2
Kb6 40. Bxa5+ Kxa5 41. c5 1-0

[Event "Tournoi Skype 026A"]
[Site "Skype"]
[Date "????.??.??"]
[Round "1.22"]
[White "Tiberio, Pedro"]
[Black "Saponara, Jose Maria"]
[Result "1-0"]
[WhiteElo "1520"]
[BlackElo "1756"]
[PlyCount "47"]

1. e4 e5 2. Nf3 Nc6 3. d4 exd4 4. Bc4 Nf6 5. O-O Bc5 6. e5 d5 7. exf6 dxc4 8.
fxg7 Rg8 9. Bg5 Qd6 10. Re1+ Be6 11. Nbd2 Qd5 12. Ne4 Be7 13. Bf6 Qd8 14. Nxd4
Bxf6 15. Nxe6 fxe6 16. Qh5+ Ke7 17. Nc5 e5 18. Rad1 Nd4 19. Rxe5+ Bxe5 20.
Qxe5+ Kf7 21. Rxd4 Qf6 22. Rf4 Qxf4 23. Qxf4+ Kxg7 24. Ne6+ 1-0

[Event "Tournoi Skype 026A"]
[Site "Skype"]
[Date "????.??.??"]
[Round "1.23"]
[White "Calcino, Luis"]
[Black "Carballo, Jorge"]
[Result "1-0"]
[WhiteElo "1724"]
[BlackElo "1515"]
[PlyCount "83"]

1. e4 e5 2. Qh5 Nc6 3. Bc4 Qe7 4. Ne2 Nf6 5. Qf3 d6 6. h3 Be6 7. Bb5 Bd7 8. c3
a6 9. Ba4 O-O-O 10. d3 Kb8 11. Bc2 Be6 12. O-O d5 13. Ng3 dxe4 14. dxe4 Qd7 15.
Rd1 Qc8 16. Rxd8 Qxd8 17. Bg5 Be7 18. Nf5 Bxf5 19. exf5 h6 20. Bh4 Qd5 21. Qe2
Rd8 22. Na3 Qd2 23. Re1 Qxe2 24. Rxe2 g5 25. fxg6 fxg6 26. Bxg6 Bxa3 27. Bxf6
Rd1+ 28. Kh2 Bc5 29. Bg7 Rd7 30. Bxh6 Rd6 31. Bf8 Rxg6 32. Bxc5 Kc8 33. g4 b6
34. Be3 e4 35. Bf4 Re6 36. Kg3 Ne7 37. h4 Kd7 38. h5 Ke8 39. f3 Kf7 40. Rxe4
Rxe4 41. fxe4 Kg7 42. Bxc7 1-0

[Event "Tournoi Skype 026A"]
[Site "Skype"]
[Date "????.??.??"]
[Round "1.24"]
[White "Lucena Vaz, Jose"]
[Black "Le Brun, Yves"]
[Result "1-0"]
[WhiteElo "1510"]
[BlackElo "1719"]
[PlyCount "79"]

1. e4 g6 2. g3 Bg7 3. Bg2 d6 4. d3 Nf6 5. Nd2 Nc6 6. Ngf3 Ng4 7. Nc4 Nd4 8.
Nxd4 Bxd4 9. O-O d5 10. exd5 b5 11. Ne3 h5 12. d6 Rb8 13. dxc7 Qxc7 14. c3 Bg7
15. Nd5 Qd7 16. Qe2 Nf6 17. Nb4 Bb7 18. Bf3 Bh6 19. d4 e6 20. Bxh6 Bxf3 21.
Qxf3 Ng4 22. Bg7 Rg8 23. Bf6 Nxf6 24. Qxf6 Rb6 25. Qe5 a5 26. Nd3 Ke7 27. Qc5+
Qd6 28. Qxd6+ Rxd6 29. Rfe1 Rc8 30. Re5 b4 31. Rxa5 bxc3 32. bxc3 Rxc3 33. Ra7+
Kf6 34. Ne5 Rxd4 35. Nxf7 Rc2 36. a4 Rdd2 37. Rf1 Re2 38. h4 Rcd2 39. Ng5 e5
40. Rf7# 1-0

[Event "Tournoi Skype 026A"]
[Site "Skype"]
[Date "????.??.??"]
[Round "1.25"]
[White "Rapaire, Jean-Michel"]
[Black "L'Herbon De Lussats, Jean"]
[Result "1-0"]
[WhiteElo "1701"]
[BlackElo "1501"]
[PlyCount "75"]

1. e4 c5 2. Nf3 Nc6 3. Bb5 Nd4 4. Nxd4 cxd4 5. O-O e5 6. Bc4 Nf6 7. d3 Bc5 8.
Qe2 O-O 9. Bg5 Re8 10. Nd2 d5 11. Bxd5 Be6 12. Bxb7 Rb8 13. Bc6 Bd7 14. Bxd7
Qxd7 15. Nc4 Re6 16. Bxf6 Rxf6 17. Nxe5 Qe6 18. Nc4 Rg6 19. f4 Qh3 20. Ne5 Qe3+
21. Qxe3 dxe3 22. Kh1 Re6 23. b3 Bd4 24. Rae1 Bxe5 25. fxe5 Rxe5 26. Rxe3 Rf8
27. d4 Re7 28. c4 f5 29. e5 f4 30. Re4 g5 31. d5 h5 32. h4 Rf5 33. e6 Rg7 34.
d6 Kf8 35. hxg5 Rgxg5 36. Rexf4 Ke8 37. Rxf5 Rg6 38. Rf8# 1-0

[Event "Tournoi Skype 026A"]
[Site "Skype"]
[Date "????.??.??"]
[Round "1.26"]
[White "Mitrani, Alberto"]
[Black "Calderon, Francisco"]
[Result "0-1"]
[WhiteElo "1495"]
[BlackElo "1674"]
[PlyCount "70"]

1. c4 e5 2. g3 Nf6 3. Bg2 c6 4. Nc3 d5 5. cxd5 cxd5 6. d3 Bf5 7. Nf3 Nc6 8. O-O
Bc5 9. a3 a6 10. b4 Ba7 11. Rb1 O-O 12. a4 Ne7 13. Qb3 d4 14. Nxe5 dxc3 15.
Bxb7 Rb8 16. Bxa6 Qd6 17. Bc4 Qxe5 18. Bf4 Qd4 19. Bxb8 Bxb8 20. e3 Qd7 21. Bb5
Qb7 22. Qxc3 Bh3 23. e4 Bxf1 24. Rxf1 Ng6 25. Rc1 Be5 26. Qc4 Ne7 27. Ba6 Qd7
28. Bb5 Qb7 29. Ba6 Qa7 30. b5 Bd4 31. Rc2 Ng4 32. Qc7 Bxf2+ 33. Kh1 Qe3 34.
Qf4 Qe1+ 35. Kg2 Ne3+ 0-1

[Event "Tournoi Skype 026A"]
[Site "Skype"]
[Date "????.??.??"]
[Round "1.28"]
[White "Rushdi, Tuan"]
[Black "Leyton Calderon, Jairo Oswaldo"]
[Result "1-0"]
[WhiteElo "1467"]
[BlackElo "1654"]
[PlyCount "71"]

1. e4 c5 2. Nf3 g6 3. d4 cxd4 4. Nxd4 Bg7 5. Nc3 Nc6 6. Be3 Nf6 7. f3 Qa5 8. g4
d5 9. g5 Nd7 10. exd5 Nce5 11. f4 Ng4 12. Qxg4 Nc5 13. Qf3 O-O 14. Bh3 Na4 15.
O-O Nxb2 16. Nce2 Nc4 17. Bxc8 Raxc8 18. h4 Nxe3 19. Qxe3 Qxd5 20. Rad1 Qc5 21.
f5 Rfd8 22. f6 exf6 23. gxf6 Re8 24. Qf2 Bh6 25. Kh1 Re4 26. Nf3 Be3 27. Qh2
Qh5 28. Ng3 Bf4 29. Nxh5 Bxh2 30. Kxh2 gxh5 31. Rd5 Rxc2+ 32. Kh3 Re8 33. Rxh5
Re3 34. Rd5 h6 35. Rg1+ Kh7 36. Rg7+ 1-0

[Event "Tournoi Skype 026A"]
[Site "Skype"]
[Date "????.??.??"]
[Round "1.30"]
[White "Chavero, Victor"]
[Black "Khunte, Aniruddha"]
[Result "0-1"]
[WhiteElo "1457"]
[BlackElo "1650"]
[PlyCount "66"]

1. d4 Nf6 2. Nf3 e6 3. e3 b6 4. Bd3 Bb7 5. Nbd2 Be7 6. Qe2 d6 7. Ba6 Bxa6 8. c4
d5 9. b3 O-O 10. Ne5 Bd6 11. f4 c5 12. O-O cxd4 13. exd4 Qc7 14. g4 Nc6 15. g5
Ne4 16. Nxe4 Nxd4 17. Qd3 dxe4 18. Qxe4 Bb7 19. Qd3 Bxe5 20. fxe5 Qxe5 21. Bf4
Ne2+ 22. Kf2 Nxf4 23. Qe3 Qxg5 24. Rg1 Qh4+ 25. Qg3 Nh3+ 26. Ke3 Qe4+ 27. Kd2
Rad8+ 28. Kc3 Qd4+ 29. Kb4 a5+ 30. Ka4 Bc6+ 31. Ka3 Qc5+ 32. Kb2 Rd2+ 33. Kc3
Qb4# 0-1

[Event "Tournoi Skype 026A"]
[Site "Skype"]
[Date "????.??.??"]
[Round "1.31"]
[White "Aravena, Alvaro"]
[Black "Pouteau, Pascal"]
[Result "1-0"]
[WhiteElo "1641"]
[BlackElo "1441"]
[PlyCount "97"]

1. d4 d5 2. e3 Bf5 3. f4 Nf6 4. Nf3 e6 5. Be2 Bd6 6. O-O Nbd7 7. h3 Ne4 8. Kh2
h6 9. Nbd2 g5 10. Ne5 Ndf6 11. c3 c6 12. Bh5 Bxe5 13. fxe5 Qc7 14. Nxe4 Nxe4
15. a4 Rg8 16. Bg4 Bg6 17. Ra3 Rh8 18. Bh5 Bf5 19. b4 Rg8 20. Bg4 Bg6 21. b5 c5
22. a5 a6 23. b6 Qb8 24. Qa4+ Ke7 25. Qd1 f5 26. Bh5 Qe8 27. Bxg6 Qxg6 28. Bb2
c4 29. Ra1 Kf7 30. g4 Rae8 31. gxf5 exf5 32. Qg4 Ke6 33. Qd1 Re7 34. Qc2 h5 35.
Ba3 Rh7 36. Rg1 g4 37. h4 g3+ 38. Kg2 Qg4 39. Rh1 Nf2 40. Raf1 Nxh1 41. Rxh1
Rf7 42. Bc1 f4 43. exf4 Rxf4 44. Bxf4 Qxf4 45. Rf1 Qxh4 46. Rf6+ Qxf6 47. exf6
h4 48. Qe2+ Kxf6 49. Qe5+ 1-0

[Event "Tournoi Skype 026A"]
[Site "Skype"]
[Date "????.??.??"]
[Round "1.32"]
[White "Scata, Laura"]
[Black "Khetre, Gaurav"]
[Result "0-1"]
[WhiteElo "1440"]
[BlackElo "1640"]
[PlyCount "76"]

1. d4 Nf6 2. Nf3 e6 3. Bf4 b6 4. e3 Be7 5. Nbd2 Bb7 6. Bd3 d6 7. c3 Nbd7 8. e4
c5 9. e5 Nd5 10. exd6 Nxf4 11. dxe7 Nxd3+ 12. Ke2 Nf4+ 13. Ke3 Nxg2+ 14. Ke2
Qxe7 15. Rg1 Nf4+ 16. Ke3 Qf6 17. Rg4 cxd4+ 18. Nxd4 Qe5+ 19. Ne4 Qxe4+ 20. Kd2
Qd3+ 21. Ke1 Ng2+ 22. Rxg2 Qe4+ 23. Qe2 Qxg2 24. Kd2 Qg5+ 25. Qe3 Qxe3+ 26.
Kxe3 Ne5 27. Rg1 O-O 28. f4 Nc4+ 29. Kd3 Nxb2+ 30. Kc2 Nc4 31. f5 e5 32. Nb3
Rad8 33. h4 Rd7 34. h5 Be4+ 35. Kc1 Bxf5 36. Rg5 g6 37. a4 Rfd8 38. Rg1 Rd3 0-1

[Event "Tournoi Skype 026A"]
[Site "Skype"]
[Date "????.??.??"]
[Round "1.33"]
[White "Montalvo, Mario"]
[Black "Silva, Givson"]
[Result "1-0"]
[WhiteElo "1639"]
[BlackElo "1418"]
[PlyCount "113"]

1. Nf3 c5 2. e3 Nf6 3. b3 g6 4. Bb2 Bg7 5. c4 O-O 6. Be2 d6 7. d4 cxd4 8. exd4
d5 9. O-O e6 10. Nbd2 Nc6 11. Ne5 Qe8 12. Ba3 Ne7 13. Rc1 Qd8 14. Ndf3 Re8 15.
Ng5 Rf8 16. c5 Bd7 17. b4 Nc6 18. Nxd7 Nxd7 19. Nf3 e5 20. b5 e4 21. bxc6 bxc6
22. Nd2 Nf6 23. Qa4 Qc7 24. Rfe1 Rfe8 25. Nf1 Nh5 26. Bxh5 gxh5 27. Ne3 Qd7 28.
Bb2 f5 29. g3 Rf8 30. Ng2 Bh6 31. Rb1 f4 32. Nxf4 Bxf4 33. gxf4 Rxf4 34. Re3
Rf3 35. Rxf3 exf3 36. Kh1 Kh8 37. Rg1 Rg8 38. Rxg8+ Kxg8 39. Qd1 Qg4 40. Qg1
Kf7 41. Qxg4 hxg4 42. h3 h5 43. Kh2 Ke6 44. Kg3 Kf5 45. Bc1 Ke4 46. Be3 a5 47.
hxg4 hxg4 48. Kxg4 a4 49. Kg3 Kd3 50. Kxf3 Kc3 51. Ke2 Kb2 52. Kd1 Kxa2 53. f4
Kb1 54. Bc1 Ka2 55. Kc2 a3 56. Bd2 Ka1 57. f5 1-0

[Event "Tournoi Skype 026A"]
[Site "Skype"]
[Date "????.??.??"]
[Round "1.34"]
[White "Pezzolato, Erica"]
[Black "Lovell, Stan"]
[Result "1/2-1/2"]
[WhiteElo "1417"]
[BlackElo "1634"]
[PlyCount "51"]

1. c4 e6 2. Nf3 b6 3. g3 Bb7 4. Bg2 Nf6 5. O-O c5 6. d3 Be7 7. Nc3 O-O 8. Bf4
Nc6 9. Ne5 Na5 10. Bxb7 Nxb7 11. Nf3 d6 12. Qc2 Na5 13. Qa4 Rc8 14. a3 Nc6 15.
b4 d5 16. cxd5 Nxd5 17. Nxd5 Qxd5 18. b5 Na5 19. Be5 c4 20. Rfd1 Qa8 21. Rac1
cxd3 22. Rxc8 Rxc8 23. Rxd3 Rc4 24. Qd1 Qc8 25. Bf4 Kf8 26. Ne5 1/2-1/2